| Registos Bibliográficos associados ao registo de autoridade |
|
Etiqueta de registo: 00254nam 2200025 450 001 2287939 003 http://id.bnportugal.gov.pt/bib/catbnp/2287939 010 ## $a978-989-33-9519-6 021 ## $aPT$b562820/26 100 ## $a20260616d2026 m y0pory01030103ba 101 0# $apor 102 ## $aPT 105 ## $aa z 000yy 106 ## $ar 200 1# $aSob o efeito do destino$fJúlia Quintino, Diogo Martins$gcoord. Francisco Teixeira$gil. Paulo Sousa 205 ## $a1ª ed 210 #9 $aAlverca do Alentejo$cAssociação Memória e Cultura,$d2026 215 ## $a55 p.$cil.$d21 cm 700 #1 $aQuintino,$bJúlia$32000669 701 #1 $aMartins,$bDiogo,$f1990-$4070$31934748 702 #1 $aTeixeira,$bFrancisco José Alves,$f1967-$4340$3973664 801 #0 $aPT$bBN$gRPC 966 ## $lBN$mFGMON$x1 971 ## $cabrito$d20260616
|
|
|